LEADER 00695nas 2200241zu 450 001 9911066115303321 005 20260304021536.0 035 $a(CKB)45578241200041 035 $a(EXLCZ)9945578241200041 100 $a20260304cuuuuuuuu || | 101 0 $aeng 135 $aur||||||||||| 200 00$aJournal of Life-Span Psychology, Linguistics, and Media Studies 210 $aIndonesia: $cCV. SPDF Harmony 610 0$alifespan 610 0$alinguistics 610 0$amedia studies 610 0$apsychology 610 0$amedia technology 906 $aJOURNAL 912 $a9911066115303321 996 $aJournal of Life-Span Psychology, Linguistics, and Media Studies$94547504 997 $aUNINA